| 000 | 01109aab a2200193 i 4500 | ||
|---|---|---|---|
| 001 | 768714001 | ||
| 003 | CO-MdFUSB | ||
| 005 | 20240314152656.0 | ||
| 008 | 240314t2000 ck a|||| |||| 00| 0 spa d | ||
| 040 |
_bspa _cCO-MdFUSB |
||
| 041 | _aspa | ||
| 100 | 1 |
_aStucky, Pedro _eautor |
|
| 245 | 1 | 0 |
_aLa iglesia como esperanza en Colombia : _bcinco lecciones desde el exilio _c/ Pedro Stucky |
| 300 |
_aVolumen 19, número 1 y 2 (enero - junio, 2000), páginas: 48 - 53 _c; 27 cm |
||
| 520 | _aComo cristianos que queremos hacer suyo el proyecto de Dios, de su reino de justicia y paz, somos exiliados espirituales: personas que voluntaria y conscientemente nos hemos separado de un sistema. Cinco lecciones que se derivan del exilio judio y que nutren la esperanza: la adoración, la construcción de la sociedad, la prioridad de la pequeña comunidad, el siervo sufriente como instrumento de salvación, la esperanza critica y radical. | ||
| 653 | _aEclesiología | ||
| 773 | 0 |
_tIglesia y Misión _049402 _959629 _gVolumen 19, número 1 y 2 (enero - junio, 2000), páginas: 48 - 53 _qpáginas: 48 |
|
| 942 | _cANA | ||
| 999 |
_c52438 _d52438 |
||